|
|
|
|
| LEADER |
00000naa2a2200000 4500 |
| 001 |
449825 |
| 005 |
20231101083231.0 |
| 035 |
|
|
|a (RuTPU)RU\TPU\prd\111936
|
| 035 |
|
|
|a RU\TPU\prd\36434
|
| 090 |
|
|
|a 449825
|
| 100 |
|
|
|a 20110608a2005 k y0rusy50 ca
|
| 101 |
0 |
|
|a rus
|
| 102 |
|
|
|a RU
|
| 200 |
1 |
|
|a Экспериментальное изучение термодинамики нагруженной меди
|f В. А. Баранников, Е. А. Николаева, С. Н. Касаткина
|
| 320 |
|
|
|a Библиогр.: 16 назв.
|
| 461 |
|
0 |
|0 (RuTPU)RU\TPU\prd\353
|x 1683-805X
|t Физическая мезомеханика
|f Институт физики прочности и материаловедения ; Российская академия наук (РАН), Сибирское отделение (СО), Институт физики прочности и материаловедения (ИФПМ)
|d 1998-
|
| 463 |
|
0 |
|0 (RuTPU)RU\TPU\prd\111922
|t Т. 8, № 2
|v с. 107-112
|d 2005
|
| 610 |
1 |
|
|a нагруженная медь
|
| 610 |
1 |
|
|a термодинамика
|
| 610 |
1 |
|
|a изучение
|
| 610 |
1 |
|
|a динамическое поведение
|
| 610 |
1 |
|
|a сжатие
|
| 610 |
1 |
|
|a стержень Гопкинсона-Кольского
|
| 610 |
1 |
|
|a динамическое деформирование
|
| 610 |
1 |
|
|a недиссипативные процессы
|
| 700 |
|
1 |
|a Баранников
|b В. А.
|
| 701 |
|
1 |
|a Николаева
|b Е. А.
|
| 701 |
|
1 |
|a Касаткина
|b С. Н.
|
| 801 |
|
1 |
|a RU
|b 63413507
|c 20050607
|g PSBO
|
| 801 |
|
2 |
|a RU
|b 63413507
|c 20110608
|g RCR
|
| 942 |
|
|
|c BK
|